Afrika!
Saved in:
| 主要作者: | |
|---|---|
| 企业作者: | |
| 格式: | 音频 |
| 语言: | Twi |
| 出版: |
[Hollywood, Calif.] :
Capitol,
[197-]
|
| 丛编: | Capitol international series.
|
| 主题: | |
| 标签: |
添加标签
没有标签, 成为第一个标记此记录!
|
| LEADER | 01681cjm a2200445 a 4500 | ||
|---|---|---|---|
| 001 | 014338775-8 | ||
| 005 | 20160226132625.0 | ||
| 008 | 870713s197u cauppnn i n twi d | ||
| 028 | 0 | 2 | |a SP-10557 |b Capitol |
| 035 | 0 | |a ocm16165536 | |
| 040 | |a BGU |b eng |c BGU |d OCLCQ |d OCLCF |d OCLCO |d HMU | ||
| 041 | 0 | |d twieweeng |g eng | |
| 043 | |a f-gh--- | ||
| 045 | |a x6x7 | ||
| 050 | 4 | |a M1838.G518 |b O36 | |
| 100 | 1 | |a Ofori, Oscarmore, |d 1930-2005. | |
| 245 | 1 | 0 | |a Afrika! |h [sound recording] / |c Oscarmore Ofori. |
| 260 | |a [Hollywood, Calif.] : |b Capitol, |c [197-] | ||
| 300 | |a 1 sound disc : |b analog, 33 1/3 rpm, stereo. ; |c 12 in. | ||
| 336 | |a performed music |2 rdacontent | ||
| 337 | |a audio |2 rdamedia | ||
| 338 | |a audio disc |2 rdacarrier | ||
| 344 | |a analog |c 33 1/3 rpm |g stereo |2 rda | ||
| 382 | 1 | 1 | |a male voice |n 1 |2 lcmpt |
| 490 | 1 | |a Capitol international series | |
| 500 | |a Title from disc label. | ||
| 500 | |a Highlife music sung in Twi, Ewe, Krobo or English. | ||
| 500 | |a Program notes on container. | ||
| 505 | 0 | |a African retention (3:40) -- Awo'w yi (3:30) -- Bus conductor (3:40) -- Fly me home (2:00) -- Taa-taa (2:00) -- Kafodidi (3:00) -- Masu weke (3:40) -- Worries to spare (2:30) -- Sambra fie (3:40) -- Akwankwaa hiani (2:30) -- I have been on the road too long (3:15) -- Obi nfre no mame (2:45). | |
| 650 | 0 | |a Highlife (Music) |z Ghana. | |
| 650 | 0 | |a Popular music |z Ghana. | |
| 650 | 7 | |a Popular music. |2 fast | |
| 651 | 7 | |a Ghana. |2 fast | |
| 655 | 7 | |a Highlife (Music) |2 lcgft | |
| 655 | 7 | |a Popular music. |2 lcgft | |
| 710 | 2 | |a Brian Q. Silver collection. |5 mus | |
| 830 | 0 | |a Capitol international series. | |
| 988 | |a 20150403 | ||
| 049 | |a HMUU | ||
| 906 | |0 OCLC | ||


